[Event "Olympiad-41"]
[Site "Tromsoe"]
[Date "2014.08.14"]
[Round "11.1"]
[White "Vallejo Pons, Francisco"]
[Black "Le, Quang Liem"]
[Result "1-0"]
[WhiteElo "2698"]
[BlackElo "2710"]
[Annotator "Krasenkow,M"]
[PlyCount "75"]
[EventDate "2014.08.02"]
[EventType "team-swiss"]
[EventRounds "11"]
[EventCountry "NOR"]
[SourceTitle "CBM 162"]
[Source "ChessBase"]
[SourceDate "2014.09.17"]
[SourceVersion "1"]
[SourceVersionDate "2014.09.17"]
[SourceQuality "1"]
[WhiteTeam "Spain"]
[BlackTeam "Vietnam"]
[WhiteTeamCountry "ESP"]
[BlackTeamCountry "VIE"]

1. d4 Nf6 2. c4 g6 3. f3 Nc6 4. Nc3 {Other options:} (4. d5) (4. e4) 4... d5 {
Quite an unusual "Grünfeld"!} 5. e4 (5. cxd5 Nxd5 6. e4 Nxc3 7. bxc3 {leads to
a more traditional "Grünfeld-type" position, in which Black is more or less OK:
} e5 $142 (7... Bg7 8. Bd3 (8. Bb5 Bd7 9. Ne2 O-O 10. Rb1 Na5 11. Bd3 c5 12. d5
e6 13. O-O c4 14. Bc2 exd5 15. exd5 Re8 16. Ba3 b5 17. Bc5 Qc7 18. Bf2 Qd6 $11
{1-0 (45) Toth,E (2392)-Groszpeter,A (2541) Hungary 2010}) 8... O-O 9. Ne2 e5 (
9... Na5 10. Be3 c5 11. O-O b6 12. Rc1 Bb7 13. Qd2 Qd7 14. Bh6 Qa4 15. Bxg7
Kxg7 16. e5 Rfd8 17. Qg5 Nc6 18. Ng3 $40 {1/2 (28) Berry,N (2247)-Dale,A (2122)
London 2012}) (9... b6 10. h4 Na5 11. h5 c5 12. hxg6 hxg6 13. e5 cxd4 14. cxd4
Nc6 15. Be4 Qd7 16. Kf2 Ba6 17. Qa4 Bb7 18. Bh6 Rad8 19. Qa3 $1 $40 {1-0 (29)
Jobava,B (2704)-Robson,R (2596) Moscow 2012}) 10. d5 Na5 11. Ba3 Re8 12. Bb4 b6
13. Bb5 Bd7 14. Bxd7 Qxd7 15. Bxa5 bxa5 16. O-O Rab8 17. Qc2 Bf8 18. Rfb1 Rb6
$132 {0-1 (54) Ward,C (2522)-Seel,C (2380) Catalan Bay 2004}) 8. Bb5 (8. d5 Na5
9. h4 Bc5 10. Ba3 Qd6 11. Bb4 Bxb4 12. Qa4+ Bd7 13. Qxb4 b6 14. Ba6 Ke7 15.
O-O-O Bc8 16. Bb5 a6 17. Ba4 Rb8 $11 {0-1 (37) Zhang,Z (2442)-Ni,H (2646)
Xinghua Jiangsu 2011}) 8... Bd7 9. Ne2 Bg7 10. Rb1 (10. Be3 O-O 11. d5 Na5 12.
Bd3 b6 13. O-O Nb7 14. c4 c5 15. dxc6 Bxc6 16. Nc3 Bd7 17. Nd5 Be6 18. Qd2 Rc8
19. Rfc1 f6 20. Kh1 Kh8 21. Rab1 Rf7 22. Qe2 Bf8 $11 {1/2 (29) Anand,V (2791)
-Carlsen,M (2776) Linares 2009}) 10... Na5 (10... O-O 11. O-O Re8 12. Be3 Na5
13. Bd3 b6 14. Qd2 Qe7 15. Kh1 Rad8 16. Ng3 Ba4 17. d5 Nb7 18. c4 Bd7 19. Qf2
c5 20. Ne2 f5 21. Nc3 Rf8 22. Bc2 Nd6 23. Qe2 {1/2 (23) Moiseenko,A (2649)
-Huzman,A (2585) Kitchener 2006}) 11. Bd3 Qh4+ 12. g3 Qe7 13. O-O O-O 14. Be3
Rad8 15. Qc1 b6 16. Rf2 f5 17. Bg5 Bf6 18. Bh6 Bg7 19. Bg5 {1/2 (19) Kuzubov,Y
(2636)-Timofeev,A (2668) Ohrid 2009}) (5. Bg5 $5 Bg7 6. e3 e6 (6... O-O $5) 7.
Bd3 (7. cxd5 exd5 8. Bb5 O-O 9. Nge2 h6 10. Bh4 Ne7 11. g4 b6 12. Qd2 c5 13.
Bg3 a6 14. Ba4 Bd7 15. Bb3 Bb5 16. Nf4 cxd4 17. exd4 Nc6 18. O-O-O Na5 19. h4
Rc8 $132 {1-0 (42) Kramnik,V (2790)-Dominguez Perez,L (2713) Nice 2010}) 7...
O-O 8. Nge2 h6 9. Bh4 Nb4 10. O-O c5 $6 11. dxc5 Qa5 12. a3 Nxd3 13. Qxd3 Qxc5
14. Bxf6 Bxf6 15. cxd5 exd5 16. Rac1 Be6 17. Nf4 Qc4 18. Ncxd5 Qxd3 19. Nxf6+
Kg7 20. N6h5+ gxh5 21. Nxd3 $16 {1-0 (29) Gretarsson,H (2505)-Pedersen,C (2427)
Rhodes 2013}) 5... dxe4 (5... dxc4 $143 6. Be3 Bg7 7. Bxc4 $14) 6. d5 Ne5 7.
fxe4 Bg7 (7... c6 8. Nf3 Nxf3+ (8... Qc7 $6 9. Nxe5 Qxe5 10. Qf3 g5 11. Qg3
Qxg3+ 12. hxg3 Rg8 13. Be2 h6 14. e5 Nd7 15. e6 Nf6 16. dxc6 bxc6 17. Bf3 Bb7
18. exf7+ Kxf7 19. Be3 $16 {1-0 (44) Dreev,A (2682)-Hillarp Persson,T (2530)
Reykjavik 2004}) 9. gxf3 {leads to a similar position} (9. Qxf3 $143 Bg7 10. e5
$2 Nd7 11. e6 fxe6 12. dxe6 Ne5)) 8. Nf3 Nxf3+ (8... Nfd7 $5 9. Be3 O-O 10. Qd2
f5 11. Bh6 Nxf3+ 12. gxf3 Ne5 13. Be2 Bxh6 14. Qxh6 fxe4 15. Nxe4 e6 $132 {
1/2 (26) Caruana,F (2697)-Howell,D (2616) Biel 2010}) 9. gxf3 $5 {White wants
to create a strong pawn chain in the centre at some point.} (9. Qxf3 O-O {
is harmless.}) 9... O-O 10. Be3 c6 11. Qd2 Bd7 (11... cxd5 $5 12. cxd5 Qd6) 12.
O-O-O cxd5 13. cxd5 Rc8 14. Kb1 a6 (14... e6 15. d6 $5 e5 16. Nb5 $5 a6 17. Nc7
) 15. Bd3 e6 16. Rhg1 (16. d6 e5 {[%cal Yd7e6]}) 16... exd5 17. e5 Nh5 18. f4
d4 (18... Be6 $5 {[%cal Yd8d7]} 19. Be2 (19. f5 d4 $1 20. fxe6 dxc3 21. exf7+
Rxf7 22. bxc3 Qc7 $36) 19... Qh4 20. Nxd5 Rfd8 21. Bf3 Rd7 $13 {[%cal Yc8d8]})
19. Bxd4 Ba4 20. Bc2 Bxc2+ 21. Qxc2 Qh4 $13 22. f5 Rfd8 23. Qe4 Qxe4+ 24. Nxe4
Nf4 $2 {[%mdl 2048] Starting a series of inaccuracies.} (24... Rc4 $1 25. Nd6
Rxd4 26. Rxd4 Bxe5 27. Rd5 Bxh2 {, and Black is not worse}) 25. Nd6 Rb8 $2 {
After this passive move Black's position becomes bad.} (25... Rc6 $142 $1 26.
f6 $5 (26. Nxb7 Rd5 27. Rgf1 Ne2 $1 (27... Rc7 28. Nc5 Bxe5 29. Bxe5 Rxe5 30.
Nxa6 $16) 28. Bc5 Rxd1+ 29. Rxd1 Bxe5 $1 30. Re1 f6 $1 31. Rxe2 Rc7 32. Bd6
Rxb7 33. Bxe5 Re7 {, and the resulting rook ending may be drawn, e.g.} 34. fxg6
hxg6 35. Rf2 (35. Kc2 fxe5) 35... fxe5 36. Rf6 e4 37. Kc2 e3 38. Rxg6+ Kf7 39.
Rg1 Ke6 $1 40. Kd3 Rh7 41. Rg2 Rh3 42. Re2 Kd5 43. b4 Kc6 {etc.}) 26... Bxf6 (
26... Bf8 27. Be3 Nh5 28. Nxb7) 27. Nxb7 Rxd4 28. Rxd4 Bxe5 29. Rd8+ Kg7 30.
Rd7 Rb6 31. b3 {- White is better here but there is a lot of fight ahead}) 26.
Rgf1 $1 Nd5 (26... Ne2 27. Bb6 Rd7 28. Rde1 Bxe5 29. Nc4 $1 $18) (26... Nh5 {
[%csl Rh5] was relatively better:} 27. Ba7 Ra8 28. Bb6 Rd7 29. f6 Bf8 30. Nc4
Rxd1+ 31. Rxd1 Nf4 32. Rd7 Rb8 33. Kc2 $16) 27. Ba7 Ra8 28. Rxd5 Rxa7 {[%csl
Ra7]} 29. f6 {[%csl Gf6]} Bf8 30. Rc1 {[%cal Gc1c8,Gd5d8] White has obtained a
decisive positional advantage.} b5 31. Rc8 $1 Ra8 (31... Rxc8 32. Nxc8 Rc7 33.
Rd8 $18) 32. Rc7 $1 Rab8 (32... Bxd6 33. exd6 {[%cal Yd6d7] is absolutely
hopeless for Black: White plays d6-d7 and then brings his king into play.}) 33.
Rxf7 $1 Rb6 (33... Bxd6 34. Rg7+) 34. Re7 $1 Rc6 35. f7+ Kg7 36. Ne8+ Kh6 37.
Rxd8 Bxe7 38. Nd6 1-0

[Event "Sinquefield Cup 3rd"]
[Site "Saint Louis"]
[Date "2015.08.25"]
[Round "3"]
[White "So, Wesley"]
[Black "Grischuk, Alexander"]
[Result "1-0"]
[WhiteElo "2779"]
[BlackElo "2771"]
[Annotator "Roiz,M"]
[PlyCount "81"]
[EventDate "2015.08.23"]
[EventType "tourn"]
[EventRounds "9"]
[EventCountry "USA"]
[EventCategory "22"]
[SourceTitle "CBM 168"]
[Source "ChessBase"]
[SourceDate "2015.09.14"]
[SourceVersion "1"]
[SourceVersionDate "2015.09.14"]
[SourceQuality "1"]

1. c4 c5 2. Nf3 Nc6 3. Nc3 Nf6 ({Grischuk has a lot of experience after} 3...
e5 {, but this time he chooses another solid system.}) 4. g3 g6 5. Bg2 d6 {
This move is aimed for neutralizing the pressure along the diagonal h1-a8.} ({
The most common alternative here is} 5... Bg7 6. d4 cxd4 7. Nxd4 O-O 8. O-O Qa5
) 6. O-O Bg7 7. d4 cxd4 8. Nxd4 Bd7 ({Another well-known theoretical position
would arise after} 8... O-O {, but Alexander's 5th move was called for
avoiding that pawn sacrifice.}) 9. b3 ({The most popular alternatives are:} 9.
Nxc6) ({and} 9. Nc2) 9... Nxd4 {It hardly makes sense to delay that exchange.}
({After} 9... O-O 10. Nc2 {White may benefit from keeping more minor pieces on
the board. For instance,} Rc8 11. Bd2 Be6 12. e4 Qd7 13. Qe2 Bh3 14. Rad1 h5
15. f3 $14 {1-0 Bu,X (2683)-Akopian,V (2681)/Antalya 2013}) 10. Qxd4 Bc6 11.
Bb2 O-O 12. Nd5 {The most ambitious choice.} ({The quiet} 12. Qd3 {doesn't
seem to pose Black any serious problems:} Qa5 (12... Bxg2 13. Kxg2 Qd7 14. Rfd1
b6 15. Rac1 Qb7+ 16. f3 $14 {1-0 Ivanchuk,V (2762)-Kropp,V (2122)/Mainz 2007})
13. Rfd1 a6 14. Rab1 Rac8 $11) 12... Bxd5 ({The presense of White's knight in
the centre is quite annoying, so} 12... Ne8 13. Qd2 Bxb2 14. Qxb2 {doesn't
fully solve the problems:} e6 (14... Nc7 15. e4 $1 (15. Rfd1 Nxd5 16. Bxd5 Rc8
17. h4 Qd7 18. Rd4 Bxd5 19. Rxd5 Rc5 {1/2 Cvitan,O (2526)-Stevic,H (2596)/
Opatija CRO 2015}) 15... e5 16. f4 Bxd5 17. exd5 $14) 15. Nc3 Bxg2 16. Kxg2 Nf6
17. Rad1 $14 {1-0 Smyslov,V (2620)-Rodriguez Vargas,O (2425)/Cienfuegos 1973})
13. cxd5 {For some reasons, this position almost wasn't seen in practice.} ({
Much more popular here is} 13. Bxd5 Ne8 14. Qd2 Bxb2 15. Qxb2 {The arising
position is preferable for White, but usually Black manages to neutralize the
pressure along the diagonal h1-a8. For instance,} Qb6 (15... Rb8 16. Rfd1 Qb6
17. Bg2 Nf6 18. Bh3 Qc5 19. Rac1 a5 20. Rc2 b6 21. Rdc1 Ne4 22. e3 Qh5 23. Bf1
Rfc8 $11 {1/2 Ivanchuk,V (2754)-Stevic,H (2607)/Plovdiv 2010/CBM 139 (41)}) 16.
e3 Nc7 17. Rfd1 Rfc8 18. Rac1 Nxd5 19. Rxd5 Rc5 $11 {1/2 Malakhov,V (2705)
-Andreikin,D (2689)/Plovdiv 2012/CBM 148 (41)}) 13... Qa5 {Alexander deviates
from an early exchange of the dark-squared bishops.} ({Another logical
continuation would be} 13... Nh5 14. Qd2 Bxb2 15. Qxb2 Nf6 16. Rac1 Qa5 17. e4
Rfc8 18. e5 (18. f3 Nd7 19. Bh3 Qb6+ 20. Kg2 Rxc1 21. Rxc1 Nc5 $11) 18... dxe5
19. Qxe5 Kf8 {This position looks somewhat dangerous for Black, but there is
nothing special:} 20. Rfe1 Qa3 21. Rc7 Rxc7 22. Qxc7 Re8 23. d6 exd6 24. Rxe8+
Nxe8 25. Qxb7 Nf6 {with a drawish endgame.}) 14. Bc3 {The queen puts pressure
on White's pawns, so it makes sense to remove it from a5.} Qa6 $146 {A logical
innovation. Black's setup looks rather flexible when the rooks are connected.}
({Coming back is a clear concession:} 14... Qd8 $6 15. Rac1 Nh5 16. Qd2 Bxc3
17. Rxc3 Nf6 18. Rfc1 $14 {0-1 Bauza,A (2250)-Dienavorian Lacherian,M (2220)/
Uruguay 1987}) 15. Qd2 Rfc8 16. Rfc1 {Now Black has to find a way of
simplifying the matters.} Qb5 ({Dubious would be} 16... Nd7 $6 17. Bxg7 Kxg7
18. Rxc8 Rxc8 19. Bh3 f5 20. g4 $1 $36) ({But deserved serious attention} 16...
Qb6 17. e3 a5 {securing the c5-spot for the knight in advance.}) 17. Rab1 a5
18. e4 Nd7 {Now, when the Nd7 is protected Black has nothing to worry about.}
19. Bxg7 Kxg7 20. Qd4+ Kg8 {A slight inaccuracy.} ({There was no reason for
rejecting} 20... Nf6 21. e5 dxe5 22. Qxe5 Qb4 $11 {and there is nothing wrong
with a pinned Nf6.}) 21. Bf1 Rxc1 ({After} 21... Qb6 22. Qxb6 Nxb6 23. Bh3
Rxc1+ 24. Rxc1 $14 {Black would suffer from passivity of their pieces.}) 22.
Rxc1 Qb4 23. Rc4 {As a result of Alexander's inaccuracy, White is controlling
the only open file. Still, Black's position remains very solid.} Qe1 {
Alexander reasonably chooses the most active way of defence.} ({There was
nothing wrong also with} 23... Qa3 24. Rc7 (24. Rc2 Qb4 $11) 24... Ne5 25. Qc3
Qxa2 26. Rxb7 a4 27. bxa4 Qxa4 $11) 24. Rc7 Ne5 25. Kg2 Qb4 $6 {Exchanging the
queens makes White's play much easier.} ({Better was} 25... Qb1 $1 26. a4 ({
After} 26. Rxe7 $6 Rc8 27. Rxb7 Rc1 $36 {the activity of Black's pieces is
very dangerous.}) 26... Qxb3 27. Be2 h5 28. h3 Rd8 {White hardly has more than
a sufficient compensation for a pawn.}) 26. Qxb4 axb4 27. Rc2 ({Wesley could
have won a pawn, thouh after} 27. Rxe7 b5 $1 28. Bxb5 Rxa2 29. h3 Rb2 30. Re8+
Kg7 31. Rd8 Rxb3 32. Rxd6 Rb2 33. Rb6 $14 {Black should be able to achieve a
draw.}) 27... Kg7 28. f4 Nd7 29. Kf3 f5 $5 {Accordingly to his active style,
Alexander Grischuk manages to change the character of play.} ({The more natural
} 29... Nc5 30. Ke3 h5 ({Or} 30... f6 31. e5 fxe5 32. fxe5 h5) 31. e5 f6 32.
Kd4 fxe5+ 33. fxe5 Rf8 34. Bb5 h4 35. Kc4 $14 {led to a slightly inferior
position.}) 30. exf5 gxf5 31. Rc7 Nc5 {Of course, Black doesn't mind to give
up a pawn in order to activate all the pieces.} 32. Rxe7+ Kf6 33. Re2 ({
Correctly rejecting} 33. Rxh7 Kg6 34. Re7 Rxa2 $132) 33... h5 {Now it's very
difficult for White to make any progress.} 34. Ke3 h4 35. Kd4 {The best
practical chance.} ({In case of} 35. Kf3 hxg3 36. hxg3 Rh8 37. g4 fxg4+ 38.
Kxg4 Rh1 39. Bg2 Rg1 {Black's defensive task would be much easier.}) 35... hxg3
$2 {Surprisingly, that natural move is a serious mistake, which makes
Grischuk's position heavy.} ({At the same time, after} 35... b5 $1 36. gxh4 (
36. Ke3 Ne4 37. Rc2 Nc3 $11) 36... Rh8 37. Rc2 Rxh4 38. Ke3 Rh8 $1 {the
activity of Black's rook makes White's winning chances very problematic. For
instance,} 39. h3 (39. Bxb5 Rh3+ 40. Kd4 Rf3 $11) 39... Rg8 40. Rg2 Re8+ 41.
Kf3 Re1 42. Bxb5 Rc1 $44) 36. hxg3 Rg8 (36... Rh8 37. Kc4 Rh1 38. Bg2 Rd1 39.
Bf3 Rg1 40. Kxb4 Rxg3 41. Re3 Na6+ $1 42. Ka5 (42. Kc4 Nc7 $16) 42... Nc7 43.
Rd3 Ke7 $16) ({Comparing to the previous note, now White can benefit from
opening up the h-file:} 36... b5 37. Rh2 $1 Ra5 38. Ke3 Kg7 39. Kf3 Kg6 40. g4
fxg4+ 41. Kxg4 {with excellent winning chances.}) 37. Re3 Ra8 $2 {A decisive
mistake.} ({It was necessary to keep the c-file under control:} 37... Rc8 38.
Be2 Ne4 39. Bf3 Nc5 $16) 38. Kc4 Rxa2 39. Kxb4 $18 {[%csl Rb7,Rd6][%cal Gb4b5,
Gb5b6] The consequences doesn't looks so horrible for Alexander, but actually
king's route to b6 would decide the game.} Rf2 (39... Rd2 40. Bc4 Ra2 41. Kb5
Ra6 42. b4 Ne4 43. g4 Kf7 44. g5 $18) 40. Bc4 Ne4 41. Kb5 ({Black resgins, in
view of} 41. Kb5 Rh2 42. Kb6 Nc5 43. b4 Rb2 44. b5 Rh2 45. Bd3 Rd2 46. Be2 Rxd5
(46... Rd4 47. Kc7 Rxd5 48. Bf3 $18) 47. Bf3 $18) 1-0